Catálogo
 En Linea

Aves de caza de venezuela / : (Registro nro. 23357)

Detalles MARC
000 -CABECERA
campo de control de longitud fija 00708nam a2200229 a 4500
001 - NÚMERO DE CONTROL
campo de control 000023861
005 - FECHA Y HORA DE LA ÚLTIMA TRANSACCIÓN
campo de control 20200930022525.0
008 - DATOS DE LONGITUD FIJA--INFORMACIÓN GENERAL
campo de control de longitud fija 110114s1958 ve ab r 001 0 spa d
040 ## - FUENTE DE LA CATALOGACIÓN
Centro catalogador/agencia de origen DO-SdBNP
Lengua de catalogación spa
Centro/agencia transcriptor BNPHU
082 ## - NÚMERO DE LA CLASIFICACIÓN DECIMAL DEWEY
Número de clasificación xxxxx
Número de documento/Ítem G492a
049 ## - FONDOS LOCALES (OCLC)
Fondos de biblioteca BNGR
100 1# - ENTRADA PRINCIPAL--NOMBRE DE PERSONA
Nombre de persona Avelo H., Ramón
9 (RLIN) 49086
245 10 - MENCIÓN DE TÍTULO
Título Aves de caza de venezuela / :
Resto del título Ramón Avelo H., Hno. Gines.
260 ## - PUBLICACIÓN, DISTRIBUCIÓN, ETC.
Lugar de publicación, distribución, etc. Caracas :
Nombre del editor, distribuidor, etc. Sucre,
Fecha de publicación, distribución, etc. 1958.
300 ## - DESCRIPCIÓN FÍSICA
Extensión 236 p. ;
Dimensiones 14 cm.
490 1# - MENCIÓN DE SERIE
Mención de serie Monografía ;
Designación de volumen o secuencia 4
490 1# - MENCIÓN DE SERIE
Mención de serie Sociedad de ciencias naturales la salle
500 ## - NOTA GENERAL
Nota general Incluye índice alfabético.
700 1# - PUNTO DE ACCESO ADICIONAL--NOMBRE DE PERSONA
Nombre de persona Gines, Hno.
9 (RLIN) 49087
830 #0 - PUNTO DE ACCESO ADICIONAL DE SERIE-TÍTULO UNIFORME
Título uniforme Monografía ;
Número de parte o sección de la obra 4
9 (RLIN) 49088
830 #0 - PUNTO DE ACCESO ADICIONAL DE SERIE-TÍTULO UNIFORME
Título uniforme Sociedad de ciencias naturales la salle
9 (RLIN) 49089
Existencias
Estado de retiro Estado de pérdida Restricciones de uso No para préstamo Código de colección Localización permanente Ubicación/localización actual Ubicación en estantería Fecha de adquisición Número de inventario Total de préstamos Signatura topográfica completa Código de barras Fecha visto por última vez Precio válido a partir de Tipo de ítem Koha
        Monografías: Libros y Folletos General General En catalogación 14.01.2011 LF1   xxxxx G492a 23861-10 25.06.2020 25.06.2020 Préstamo en sala

Con tecnología Koha